Movies Quiz

Random Movies Quiz
Score 0/100 Timer 15:00
0 Plays Today
IMDb rating Movie % Correct
9,2The Godfather
84.5%
9,2The Shawshank Redemption
73.6%
9,0The Godfather: Part II
70.9%
8,9Pulp Fiction
60.9%
9.0The Dark Knight
57.3%
8,7Forrest Gump
52.7%
8,6Star Wars
52.7%
8,5Casablanca
43.6%
8,3Toy Story
42.7%
8,9Schindler's List
41.8%
8,7Inception
41.8%
8,9The Lord of the Rings The Return of the King
40.9%
8,7Goodfellas
40.9%
8,6The Matrix
40%
8,6Avengers: Endgame
38.2%
8,912 Angry Men
37.3%
8,8The Lord of the Rings The Fellowship of the Ring
37.3%
8,8Fight Club
36.4%
8,7The Lord of the Rings The Two Towers
36.4%
8,5Psycho
34.5%
8,3The Dark Knight Rises
33.6%
8,3Taxi Driver
31.8%
8,3Citizen Kane
31.8%
8,5Saving Private Ryan
30.9%
8,3Reservoir Dogs
30%
8,3American Beauty
30%
8,3Vertigo
28.2%
8,4The Shining
27.3%
8,7One Flew Over the Cuckoo's Nest
26.4%
8,6The Silence of the Lambs
26.4%
8,5Rear Window
26.4%
8,5The Lion King
26.4%
8,8Il buono, il brutto, il cattivo
25.5%
8,5Back to the Future
25.5%
IMDb rating Movie % Correct
8,5Interstellar
24.5%
8,4Apocalypse Now
24.5%
8,32001: A Space Odyssey
23.6%
8,6Se7en
22.7%
8,5The Usual Suspects
22.7%
8,4Avengers: Infinity War
22.7%
8,4Memento
22.7%
8,5Gladiator
21.8%
8,5Terminator 2: Judgment Day
21.8%
8,5The Departed
20.9%
8,3A Clockwork Orange
20.9%
8,3North by Northwest
20%
8,5Raiders of the Lost Ark
19.1%
8,5The Green Mile
19.1%
8,4Alien
19.1%
8,6Shichinin no samurai
18.2%
8,4Django Unchained
17.3%
8,3Full Metal Jacket
17.3%
8,7Star Wars: Episode V - The Empire Strikes Back
16.4%
8,3Braveheart
16.4%
8,6It's a Wonderful Life
15.5%
8,5Sen to Chihiro no kamikakushi
15.5%
8,3Good Will Hunting
14.5%
8,5The Prestige
13.6%
8,3Lawrence of Arabia
13.6%
8,6La vita è bella
12.7%
8,3Amadeus
12.7%
8,3Inglourious Basterds
11.8%
8,3Aliens
11.8%
8,5American History X
10.9%
8,4Mononoke-hime
10.9%
8,4The Great Dictator
10.9%
8,6Cidade de Deus
10%
8,5Modern Times
10%
IMDb rating Movie % Correct
8,5C'era una volta il West
10%
8,5City Lights
10%
8,4Sunset Blvd.
10%
8,3To Kill a Mockingbird
10%
8,3Once Upon a Time in America
10%
8,4Dr. Strangelove or: How I Learned to Stop Worrying and Love the Bomb
9.1%
8,3Das Boot
9.1%
8,5Whiplash
8.2%
8,5Intouchables
8.2%
8,3Requiem for a Dream
8.2%
8,3Star Wars: Episode VI - Return of the Jedi
8.2%
8,3Coco
8.2%
8,5The Pianist
7.3%
8,4Das Leben der Anderen
6.4%
8,4Hotaru no haka
6.4%
8,3Oldeuboi
6.4%
8,3Singin' in the Rain
6.4%
8,3Eternal Sunshine of the Spotless Mind
6.4%
8,4Spider-Man: Into the Spider-Verse
4.5%
8,4Nuovo Cinema Paradiso
4.5%
8,4Paths of Glory
3.6%
8,3Double Indemnity
3.6%
8,3Kimi no na wa
2.7%
8,4Witness for the Prosecution
1.8%
8,33 Idiots
1.8%
8,5Léon
0.9%
8,3Ladri di biciclette
0.9%
8,3Le fabuleux destin d'Amélie Poulain
0.9%
8,3Dangal
0.9%
8,4WALL·E
0%
8,3Taare Zameen Par
0%
8,3M - Eine Stadt sucht einen Mörder
0%

You're not logged in!

Compare scores with friends on all Sporcle quizzes.
OR
Log In

Sporcle TV

Today on Sporcle TV


Watch our educational content, quiz creation guides, and fun videos on Sporcle TV.

Show Comments

Extras

Top Quizzes Today


Score Distribution

Paid Content

Your Account Isn't Verified!

In order to create a playlist on Sporcle, you need to verify the email address you used during registration. Go to your Sporcle Settings to finish the process.

Report this User

Report this user for behavior that violates our Community Guidelines.

Details: